| 000 | 00583nam a22001817a 4500 | ||
|---|---|---|---|
| 003 | 0 | ||
| 005 | 20241028151642.0 | ||
| 008 | 241028b xxu||||| |||| 00| 0 eng d | ||
| 020 | _a9789715189002 | ||
| 050 |
_aPZ 7 _b.M68 2019 |
||
| 100 |
_aMatias, Segundo Jr., _eauthor. |
||
| 245 |
_aMoƱito : _bang mabait na demonyo / _cSegundo Matias Jr.; illustrated by Jomike Tejido. |
||
| 260 |
_aQuezon City : _bLampara Publishing House, Inc., _c2019. |
||
| 300 |
_a243 p. : _bill. ; _c20 cm. |
||
| 650 | _aChildren's literature. | ||
| 700 |
_aTejido, Jomike, _eillustrator. |
||
| 942 |
_2lcc _cBK |
||
| 999 |
_c366644 _d366644 |
||